000 00886nam a2200289 a 4500
001 000109802
003 CHAP
005 20220329144104.0
008 140529s2013 mx |rm |0|||||spa d
010 _a106264
011 _a107236
040 _cCHAP
090 _aTesis
100 1 _aAyala Romero, David
_9127130
245 1 0 _aRendimiento de papaya maradol roja en respuesta a la fertilización química, orgánica y biológica /
_cpor David Ayala Romero.
260 _aCocula, Gro :
_bEl autor,
_c2013.
300 _axvii, 107 h.
502 _aTesis (Ing. Agr. Fitotecnista) -- CSAEGRO
590 _aE5765TAJ
_b05
_c20140529
_lUCH01
_h0922
650 1 4 _aBiofertilizantes.
_912734
650 1 4 _aFertilizantes
_xEfecto en papaya.
_940535
650 1 4 _aPapaya
_xRendimiento.
_985356
650 1 4 _aSuelos
_xFertilidad.
_9110367
901 _aBK
942 _cTESIS
942 _n0
999 _c106264
_d106264